000 01259nam a22003737a 4500
001 448
003 FISKH
005 20250211160713.0
008 230421b cb ||||| |||| 00| 0 eng d
010 _a 99036771
020 _a0786824190 (lib.)
020 _a0786813385 (pbk.)
020 _a9780439577564
040 _aDLC
_cDLC
_beng
_dFISKH
042 _alcac
050 0 0 _aPZ7.Y44
_bCn 2000
082 0 0 _a813.54
_221
100 1 _aYep, Laurence,
_d1948-
245 1 0 _aCockroach cooties /
_cby Laurence Yep
260 _aNew York :
_bScholastic,
_c2000.
300 _a135 pages ;
_c20 cm
505 _aH
520 _aTeddy and his little brother Bobby devise strategies using bugs to defeat the school bully.
521 8 _a510
_bLexile
521 8 _aH
_bRaz-Plus
650 1 _aBrothers
_vFiction.
650 1 _aBullies and bullying
_vFiction.
650 1 _aInsects
_vFiction.
650 1 _aChinese Americans
_vFiction.
906 _a7
_brip
_corignew
_d1
_eocip
_f19
_gy-gencatlg
942 _2ddc
_cBK
_n0
999 _c448
_d448